| 000 | 01174nam a2200265Ia 4500 | ||
|---|---|---|---|
| 003 | OSt | ||
| 005 | 20220930094740.0 | ||
| 006 | a|||||r|||| 00| 0 | ||
| 007 | ta | ||
| 008 | 220926b |||||||| |||| 00| 0 san d | ||
| 024 | _a10440 | ||
| 037 | _cTheses | ||
| 040 |
_aCRL _cCRL _bsan |
||
| 041 |
_2san _asan |
||
| 100 | _aजितेन्द्र कुमार, ले. | ||
| 110 |
_aदिल्ली विश्वविद्यालय. कला संकाय. संस्कृत विभाग _9556187 |
||
| 245 | 0 | _aमलयगिरिशब्दानुशासन एवं पाणिनीय व्याकरण का तुलनात्मक अध्ययन | |
| 246 | _aMalayagirishabdānushāsan evan pāṇinīya vyākaraṇ kā tulanātmak adhyayana | ||
| 260 | _c2013 | ||
| 300 |
_a313पृ0 _ap. _ccm. |
||
| 650 | _aसंस्कृत साहित्य | ||
| 700 |
_aदिल्ली विश्वविद्यालय. कला संकाय. संस्कृत विभाग _9556188 |
||
| 942 |
_cDIS _2CC |
||
| 999 |
_c887609 _d887609 |
||